Who's Afraid of Little Old Me? - Taylor Swift (All Lyrics) - Statistics

General Stats
  • This quiz has been taken 2,487 times
    2,472 since last reset
  • The average score is 391 of 444
Answer Stats
Lyrics % Correct
a
100%
who
100%
who's
100%
"Who's
100%
Who's
100%
I
99%
me
99%
me?"
99%
me?
99%
me,
99%
of
99%
The
99%
the
99%
You
99%
you
99%
(You
99%
afraid
98%
little
98%
old
98%
do
97%
be
96%
be)
96%
should
96%
that?"
96%
that
96%
That
96%
to
96%
an
95%
don't
95%
"Don't
95%
and
94%
And
94%
So
94%
tell
94%
we
94%
about
93%
as
93%
is
93%
Is
93%
is?
93%
all
92%
But
92%
but
92%
get
92%
If
92%
if
92%
your
92%
it
91%
my
91%
scream
91%
they
91%
what
91%
At
90%
sad
90%
not
89%
down
88%
feel
88%
from
88%
hear
88%
in
88%
made
88%
on
88%
said
88%
said?
88%
street
88%
was
88%
just
87%
attack
86%
did?
86%
for
86%
her
86%
levitate
86%
bad
85%
hurt
85%
took
85%
where
85%
out
84%
party
84%
Well,
84%
worry,
84%
like
83%
teeth"
83%
circus
82%
Crash
82%
last
82%
record
82%
didn't
81%
everything
81%
life
81%
mean
81%
raised
81%
wouldn't
81%
gallows
80%
hour
80%
I'm
80%
more
80%
asylum
79%
leap
79%
say
79%
tame,
79%
'til
79%
folks,
78%
gentle
78%
scratch
78%
can
77%
this
77%
Then
76%
then
76%
dead,
75%
I'll
75%
one
75%
poised
75%
wanted
75%
how
74%
into
74%
why
74%
has
73%
joke
73%
should've
73%
step
73%
that's
73%
you're
73%
Let's
71%
singin'
71%
with
71%
wrong
71%
alive
70%
along
70%
'Cause
70%
'cause
70%
songs
70%
still
70%
sue
70%
broke?
69%
cry
69%
drunk
69%
house
69%
isn't
69%
makes
69%
own
69%
until
69%
wonder
69%
always
68%
laugh
68%
Nothing
68%
tears,
68%
lawn
67%
Put
67%
show
67%
disturbed
66%
hands
66%
kids
66%
wanna
66%
could
65%
narcotics
65%
bare
64%
had
64%
fearsome
63%
good
63%
name
63%
sneak
63%
their
62%
cobwebs
61%
scandal
61%
am
60%
keep
60%
contained
59%
bullet
57%
crazy
57%
costs,
55%
snarl
55%
wretched
55%
called
54%
caged
49%
paths
49%
grazed
47%
paved
47%
trained
40%
lured
35%
taught
34%
No matching quizzes found
Score Distribution
Percent of People with Each Score
Percentile by Number Answered
Your Score History
You have not taken this quiz since the last reset